[Event "Maralsay op"]
[Site "Maralsay"]
[Date "2010.08.19"]
[Round "3"]
[White "Kuderinov, Kirill"]
[Black "Zybin, Stanislav"]
[Result "1-0"]
[WhiteElo "2481"]
[BlackElo "2129"]
[PlyCount "39"]
[EventDate "2010.08.17"]
[EventType "swiss"]
[EventRounds "9"]
[EventCountry "KAZ"]
[SourceTitle "EXT 2013"]
[Source "ChessBase"]
[SourceDate "2012.11.22"]
[SourceVersion "1"]
[SourceVersionDate "2012.11.22"]
[SourceQuality "1"]

1. e4 c6 2. d4 d5 3. Nc3 dxe4 4. Nxe4 Bf5 5. Ng3 Bg6 6. Nf3 Nf6 7. h4 Nh5 8. Bc4 Nxg3 9. fxg3 Bh5 10. g4 Bg6 11. h5 Be4 12. Bxf7+ Kxf7 13. Ng5+ Ke8 14. Nxe4 Qd5 15. Qd3 Na6 16. c3 e5 17. 0-0 Kd7 18. h6 Re8 19. hxg7 Bxg7 20. Bh6 1-0

[Event "Maralsay op"]
[Site "Maralsay"]
[Date "2010.08.19"]
[Round "2"]
[White "Zybin, Stanislav"]
[Black "Aubakirov, Azamat"]
[Result "1-0"]
[WhiteElo "2129"]
[BlackElo "2237"]
[PlyCount "55"]
[EventDate "2010.08.17"]
[EventType "swiss"]
[EventRounds "9"]
[EventCountry "KAZ"]
[SourceTitle "EXT 2013"]
[Source "ChessBase"]
[SourceDate "2012.11.22"]
[SourceVersion "1"]
[SourceVersionDate "2012.11.22"]
[SourceQuality "1"]

1. d4 d5 2. Nf3 Nf6 3. c4 c6 4. Nc3 e6 5. e3 Nbd7 6. Bd3 dxc4 7. Bxc4 b5 8. Bd3 Bd6 9. 0-0 0-0 10. Qe2 b4 11. Ne4 Nxe4 12. Bxe4 Bb7 13. Rd1 Qe7 14. b3 f5 15. Bd3 g5 16. e4 f4 17. e5 Bc7 18. Be4 Nb6 19. h3 Nd5 20. Bb2 Bb6 21. Nh2 c5 22. dxc5 Bxc5 23. Qh5 Kh8 24. Rac1 Rac8 25. Ng4 f3 26. Nf6 Nc3 27. Rd7 Nxe4 28. Qxh7+ 1-0

[Event "Maralsay Group A"]
[Site "Almaty"]
[Date "2009.08.21"]
[Round "6"]
[White "Zybin, Stanislav"]
[Black "Akkozov, Berik"]
[Result "1/2-1/2"]
[WhiteElo "2125"]
[BlackElo "2274"]
[PlyCount "52"]
[EventDate "2009.08.17"]
[EventType "tourn"]
[EventRounds "11"]
[EventCountry "KAZ"]
[SourceTitle "EXT 2022"]
[Source "ChessBase"]
[SourceDate "2021.10.06"]
[SourceVersion "1"]
[SourceVersionDate "2021.10.06"]
[SourceQuality "1"]

1. d4 d5 2. Nf3 Nf6 3. c4 c6 4. Nc3 a6 5. c5 Nbd7 6. Bf4 Nh5 7. Bg5 h6 8. Bh4 g6 9. e3 Bg7 10. Nd2 Nhf6 11. f4 b6 12. b4 a5 13. a3 axb4 14. axb4 Rxa1 15. Qxa1 bxc5 16. bxc5 Ng4 17. Nd1 g5 18. Bg3 gxf4 19. exf4 h5 20. h3 Nh6 21. Ne3 Nxc5 22. Qc3 Ne6 23. Qxc6+ Qd7 24. Bb5 Qxc6 25. Bxc6+ Bd7 26. Bxd5 Bxd4 1/2-1/2

[Event "Maralsay Group A"]
[Site "Almaty"]
[Date "2009.08.18"]
[Round "1"]
[White "Zybin, Stanislav"]
[Black "Zhylkaidarova, Sholpan"]
[Result "1-0"]
[WhiteElo "2125"]
[BlackElo "1913"]
[PlyCount "71"]
[EventDate "2009.08.17"]
[EventType "tourn"]
[EventRounds "11"]
[EventCountry "KAZ"]
[SourceTitle "EXT 2022"]
[Source "ChessBase"]
[SourceDate "2021.10.06"]
[SourceVersion "1"]
[SourceVersionDate "2021.10.06"]
[SourceQuality "1"]

1. d4 d5 2. Nf3 Nf6 3. c4 e6 4. Nc3 c6 5. Bg5 Be7 6. e3 0-0 7. Bd3 Nbd7 8. 0-0 dxc4 9. Bxc4 Nd5 10. Bxe7 Qxe7 11. Rc1 Nxc3 12. Rxc3 e5 13. dxe5 Nxe5 14. Nxe5 Qxe5 15. Qd2 Bf5 16. Rd1 Qf6 17. Bd3 Rad8 18. Qc2 Qd6 19. Qe2 Bg6 20. Bc2 Qf6 21. Bxg6 fxg6 22. Rcd3 Rxd3 23. Rxd3 Qf5 24. Qd2 h6 25. h3 Rf7 26. a3 Kh7 27. Qe2 Re7 28. Rd2 Re5 29. f3 Rc5 30. e4 Rc1+ 31. Kh2 Qe5+ 32. g3 Qc5 33. Qf2 Qc4 34. Re2 c5 35. e5 Qe6 36. f4 1-0

[Event "Maralsay op U20"]
[Site "Maralsay"]
[Date "2008.08.22"]
[Round "7"]
[White "Ismailov, Mukhit"]
[Black "Zybin, Stanislav"]
[Result "1-0"]
[WhiteElo "1915"]
[BlackElo "2142"]
[PlyCount "81"]
[EventDate "2008.08.18"]
[EventType "swiss"]
[EventRounds "9"]
[EventCountry "KAZ"]
[SourceTitle "CBM 126 Extra"]
[Source "ChessBase"]
[SourceDate "2008.11.05"]
[SourceVersion "1"]
[SourceVersionDate "2008.11.05"]
[SourceQuality "1"]

1. d4 Nf6 2. c4 e6 3. Nf3 c5 4. d5 exd5 5. cxd5 d6 6. Nc3 g6 7. h3 Bg7 8. e4 0-0 9. Bd3 a6 10. a4 Nh5 11. 0-0 Nd7 12. Re1 Re8 13. Qc2 Ne5 14. Be2 Nxf3+ 15. Bxf3 Qh4 16. Bxh5 Qxh5 17. Bf4 Re5 18. Qe2 Qh4 19. Bxe5 Bxe5 20. Nd1 g5 21. Ne3 h5 22. Nc4 Bd4 23. Ra3 g4 24. g3 Qxh3 25. Qf1 Qxf1+ 26. Kxf1 Bd7 27. Nxd6 Bxb2 28. Rb3 Be5 29. Rxb7 Bxa4 30. Nxf7 Bd4 31. e5 Bb5+ 32. Kg1 h4 33. Nh6+ Kh8 34. Nf5 hxg3 35. Nxd4 gxf2+ 36. Kxf2 cxd4 37. e6 d3 38. e7 Kg8 39. Rxb5 axb5 40. e8Q+ Rxe8 41. Rxe8+ 1-0

[Event "Almaty Seimar op"]
[Site "Almaty"]
[Date "2007.08.21"]
[Round "4"]
[White "Alaguzov, Maxat"]
[Black "Zybin, Stanislav"]
[Result "1-0"]
[WhiteElo "2200"]
[BlackElo "2033"]
[PlyCount "62"]
[EventDate "2007.08.18"]
[EventType "swiss"]
[EventRounds "9"]
[EventCountry "KAZ"]
[SourceTitle "EXT 2022"]
[Source "ChessBase"]
[SourceDate "2021.10.06"]
[SourceVersion "1"]
[SourceVersionDate "2021.10.06"]
[SourceQuality "1"]

1. e4 c6 2. d4 d6 3. Nf3 Nd7 4. c4 e5 5. Nc3 Qc7 6. g3 Ngf6 7. Bg2 Be7 8. 0-0 0-0 9. h3 Re8 10. Be3 Bf8 11. Qc2 a5 12. a3 Nb6 13. b3 a4 14. c5 dxc5 15. dxc5 axb3 16. cxb6 bxc2 17. bxc7 Rxa3 18. Rxa3 Bxa3 19. Bc1 Bd6 20. Ne1 Bxc7 21. Nxc2 Be6 22. Bb2 Bc4 23. Rd1 Bb3 24. Rc1 Rd8 25. Ne3 Rd2 26. Ba3 Be6 27. Ncd5 Ne8 28. Nc4 Rd3 29. Nxc7 Bxc4 30. Nxe8 Rxa3 31. Rxc4 Rd3 1-0

[Event "Almaty Seimar op"]
[Site "Almaty"]
[Date "2007.08.20"]
[Round "3"]
[White "Issabayev, Dias"]
[Black "Zybin, Stanislav"]
[Result "0-1"]
[WhiteElo "2237"]
[BlackElo "2033"]
[PlyCount "66"]
[EventDate "2007.08.18"]
[EventType "swiss"]
[EventRounds "9"]
[EventCountry "KAZ"]
[SourceTitle "EXT 2022"]
[Source "ChessBase"]
[SourceDate "2021.10.06"]
[SourceVersion "1"]
[SourceVersionDate "2021.10.06"]
[SourceQuality "1"]

1. d4 Nf6 2. c4 c5 3. d5 e6 4. Nc3 exd5 5. cxd5 g6 6. Nf3 d6 7. Bf4 a6 8. e4 Bg7 9. Be2 b5 10. Nd2 0-0 11. 0-0 Re8 12. Qc2 Qc7 13. Rfe1 Nfd7 14. a4 b4 15. Nd1 a5 16. Bb5 Re7 17. Ne3 f6 18. Bg3 Ne5 19. f4 Nf7 20. Nf3 Ba6 21. Bxa6 Rxa6 22. Re2 Nd7 23. Nd4 Nf8 24. Ne6 Qb7 25. Nxg7 Kxg7 26. Nc4 Nd7 27. Rae1 Qc7 28. Qd3 Ra8 29. e5 fxe5 30. fxe5 Nfxe5 31. Bxe5+ dxe5 32. d6 Qd8 33. Qd5 Re8 0-1